000 04883cam a22006014i 4500
003 PE-LiUPU
005 20250731172845.0
008 090602s2009 miu rb 001 0 eng
020 _a0802837379
_q(Eerdmans)
020 _a1844744035
_q(Apollos)
020 _a9780802837370
_q(Eerdmans)
020 _a9781844744039
_q(Apollos)
035 _a(Sirsi) i9780802837370
040 _aDLC
_bspa
_cDLC
_dBTCTA
_dC#P
_dGEBAY
_dTLE
_dDEBBG
_dSGB
_dUKMGB
_dBDX
_dOCLCA
_dOCLCQ
_dOCLCF
_dOCLCQ
_dPE-LiUPU
_erda
049 _aPRUA
082 0 4 _a225.07
_bPNTC
_220
100 1 _aHansen, G. Walter,
_d1946- ,
_eautor.
245 1 4 _aThe letter to the Philippians /
_cG. Walter Hansen.
264 _aGrand Rapids, Mich. :
_bWilliam B. Eerdmans Pub. Co. ;
_aNottingham, England :
_bAPOLLOS,
_c2009.
300 _axxxiii, 355 páginas ;
_c24 centímetros.
336 _atext
_2rdacontent
337 _aunmediated
_2rdamedia
338 _avolume
_2rdacarrier
490 0 _aThe Pillar New Testament commentary
504 _aBibliografía : páginas xviii-xxxiii.
504 _aÍndices: páginas 333-355.
505 0 _aEditor's preface -- Author's preface -- Introduction -- The historical setting of the church in Philippi -- The nature of the letter -- A letter of friendship -- A deliberative speech -- The integrity of the letter -- The occasion of the letter -- Paul in chains -- The church in trouble -- Disunity -- Suffering -- Opponents -- A preview of two themes -- The Gospel of Christ -- The community in Christ -- Greetings and grace (1:1-2) -- Prayers for partners (1:3-11) -- Reports of gospel ministry (1:12-26) -- The progress of the Gospel (1:12-14) -- Motives for preaching Christ (1:15-18a) -- Courage to honor Christ by life or by death (1:18b-26) -- Imperatives for citizens worthy of the Gospel (1:27-2:18) -- Stand firm together in suffering (1:27-30) -- Think of the interests of others (2:1-4) -- Focus on Christ (2:5-11) -- A community mindful of Christ (2:5) -- The Christ hymn : humility (2:6-8) -- The Christ hymn : exaltation (2:9-11) -- Work out your salvation (2:12-18) -- Recommendations of Christ-like servants (2:19-30) -- Timothy (2:19-24) -- Epaphroditus (2:25-30) -- Disclosures of personal experience (3:1-21) -- Boasting in privileges (3:1-6) -- Losing all to know Christ (3:7-11) -- Pressing on toward the goal (3:12-14) -- Mentoring others (3:15-17) -- Mourning over the enemies of the cross (3:18-19) -- Expecting Christ's ultimate victory (3:20-21) -- Final appeals (4:1-9) -- Be of one mind in the Lord (4:1-3) -- Rejoice in the Lord (4:4-9) -- Thanks for gifts from partners (4:10-20) -- Greetings and grace (4:21-23).
520 _aIn this commentary G. Walter Hansen offers rich exposition of the text of Philippians as well as wisdom and maturity in its application. In so doing he emphasizes partnership -- the social and corporate dimensions of community -- in the progress of the gospel. After a select bibliography, Hansen's introduction sets forth the historical setting of the church in Philippi, the nature and occasion of the letter, and a preview of two key themes -- the gospel of Christ and the community in Christ. The commentary itself discusses Philippians in light of these themes, considering Paul's greetings, reports of gospel ministry, imperatives for citizens worthy of the gospel, recommendations of two Christ-like servants, and disclosures of his personal experience. Hansen's treatment as a whole is distinctive for the way it draws out and highlights the themes of partnership, citizenship, and friendship in Paul's Philippian letter. - Publisher.
526 _aSEG42
526 _aSEG41
526 _aSEG40
526 _aSEG39
526 _aP94
526 _aP87
526 _aP86
526 _aP85
526 _aP77
526 _aP76
526 _aP35
600 1 7 _aPablo (Apóstol).
630 0 0 _aBiblia.
_pFilipenses
_vComentarios.
630 0 7 _aBiblia.
_pFilipenses.
655 7 _aComentario.
856 4 1 _3Tabla de contenido
_uhttp://bvbr.bib-bvb.de:8991/F?func=service&doc_library=BVB01&doc_number=018852500&line_number=0001&func_code=DB_RECORDS&service_type=MEDIA
910 _ajck
_bebj
_cebj
_d20160601
942 _2ddc
_cBOOK
949 _a225.07 PNTC 11
_wDEWEY
_c1
_i73358
_lCCODEBUL1
_mBUL
_p50.50
_r0
_sY
_tBOOK
_u2016-6-1
_xTEOLOGIA
_PP85
_0COMPRA
_o.STAFF. Colección General Teología
994 _aC0
_bPEPRU
856 4 1 _3Tabla de contenido
_uhttp://bvbr.bib-bvb.de:8991/F?func=service&doc_library=BVB01&doc_number=018852500&line_number=0001&func_code=DB_RECORDS&service_type=MEDIA
596 _a1
999 _a225.07 PNTC 11
_wDEWEY
_c9648
_i73358
_f2021-11-9
_g5
_lCCODEBUL1
_mBUL
_p50.50
_r0
_sY
_tBOOK
_u2016-6-1
_xTEOLOGIA
_PP85
_0COMPRA
_o.STAFF. Colección General Teología
_d9648
980 _81
_gALBERTO SANCHEZ Responsable de Automatización